<?xml version="1.0" encoding="UTF-8"?>
<record
    xmlns:xsi="http://www.w3.org/2001/XMLSchema-instance"
    xsi:schemaLocation="http://www.loc.gov/MARC21/slim http://www.loc.gov/standards/marcxml/schema/MARC21slim.xsd"
    xmlns="http://www.loc.gov/MARC21/slim">

  <leader>01805nam a22002417a 4500</leader>
  <controlfield tag="003">NALT</controlfield>
  <controlfield tag="005">20250131121210.0</controlfield>
  <controlfield tag="008">      s2550    th                  tha d</controlfield>
  <datafield tag="020" ind1=" " ind2=" ">
    <subfield code="a">9748756939</subfield>
  </datafield>
  <datafield tag="040" ind1=" " ind2=" ">
    <subfield code="a">NALT</subfield>
  </datafield>
  <datafield tag="041" ind1=" " ind2=" ">
    <subfield code="a">tha</subfield>
  </datafield>
  <datafield tag="050" ind1=" " ind2=" ">
    <subfield code="a">DS 570.3</subfield>
    <subfield code="b">&#xE01;411&#xE08; 2550</subfield>
  </datafield>
  <datafield tag="100" ind1="0" ind2=" ">
    <subfield code="a">&#xE01;&#xE31;&#xE25;&#xE22;&#xE32;&#xE13;&#xE34;&#xE27;&#xE31;&#xE12;&#xE19;&#xE32; &#xE01;&#xE23;&#xE21;&#xE2B;&#xE25;&#xE27;&#xE07;&#xE19;&#xE23;&#xE32;&#xE18;&#xE34;&#xE27;&#xE32;&#xE2A;&#xE23;&#xE32;&#xE0A;&#xE19;&#xE04;&#xE23;&#xE34;&#xE19;&#xE17;&#xE23;&#xE4C;, </subfield>
    <subfield code="9">6253</subfield>
    <subfield code="c">&#xE2A;&#xE21;&#xE40;&#xE14;&#xE47;&#xE08;&#xE1E;&#xE23;&#xE30;&#xE40;&#xE08;&#xE49;&#xE32;&#xE1E;&#xE35;&#xE48;&#xE19;&#xE32;&#xE07;&#xE40;&#xE18;&#xE2D; &#xE40;&#xE08;&#xE49;&#xE32;&#xE1F;&#xE49;&#xE32;</subfield>
  </datafield>
  <datafield tag="245" ind1="1" ind2="0">
    <subfield code="a">&#xE40;&#xE08;&#xE49;&#xE32;&#xE19;&#xE32;&#xE22;&#xE40;&#xE25;&#xE47;&#xE01;&#xE46; - &#xE22;&#xE38;&#xE27;&#xE01;&#xE29;&#xE31;&#xE15;&#xE23;&#xE34;&#xE22;&#xE4C; : </subfield>
    <subfield code="b">&#xE1E;&#xE23;&#xE30;&#xE23;&#xE32;&#xE0A;&#xE1B;&#xE23;&#xE30;&#xE27;&#xE31;&#xE15;&#xE34;&#xE1E;&#xE23;&#xE30;&#xE1A;&#xE32;&#xE17;&#xE2A;&#xE21;&#xE40;&#xE14;&#xE47;&#xE08;&#xE1E;&#xE23;&#xE30;&#xE40;&#xE08;&#xE49;&#xE32;&#xE2D;&#xE22;&#xE39;&#xE48;&#xE2B;&#xE31;&#xE27;&#xE2D;&#xE32;&#xE19;&#xE31;&#xE19;&#xE17;&#xE21;&#xE2B;&#xE34;&#xE14;&#xE25;&#xE41;&#xE25;&#xE30;&#xE2A;&#xE21;&#xE40;&#xE14;&#xE47;&#xE08;&#xE1E;&#xE23;&#xE30;&#xE40;&#xE08;&#xE49;&#xE32;&#xE2D;&#xE22;&#xE39;&#xE48;&#xE2B;&#xE31;&#xE27;&#xE20;&#xE39;&#xE21;&#xE34;&#xE1E;&#xE25;&#xE2D;&#xE14;&#xE38;&#xE25;&#xE22;&#xE40;&#xE14;&#xE0A; &#xE40;&#xE21;&#xE37;&#xE48;&#xE2D;&#xE17;&#xE23;&#xE07;&#xE1E;&#xE23;&#xE30;&#xE40;&#xE22;&#xE32;&#xE27;&#xE4C; 2468-2489 /</subfield>
    <subfield code="c">&#xE2A;&#xE21;&#xE40;&#xE14;&#xE47;&#xE08;&#xE1E;&#xE23;&#xE30;&#xE40;&#xE08;&#xE49;&#xE32;&#xE1E;&#xE35;&#xE48;&#xE19;&#xE32;&#xE07;&#xE40;&#xE18;&#xE2D;  &#xE40;&#xE08;&#xE49;&#xE32;&#xE1F;&#xE49;&#xE32;&#xE01;&#xE31;&#xE25;&#xE22;&#xE32;&#xE13;&#xE34;&#xE27;&#xE31;&#xE12;&#xE19;&#xE32; &#xE01;&#xE23;&#xE21;&#xE2B;&#xE25;&#xE27;&#xE07;&#xE19;&#xE23;&#xE32;&#xE18;&#xE34;&#xE27;&#xE32;&#xE2A;&#xE23;&#xE32;&#xE0A;&#xE19;&#xE04;&#xE23;&#xE34;&#xE19;&#xE17;&#xE23;&#xE4C;.</subfield>
  </datafield>
  <datafield tag="250" ind1=" " ind2=" ">
    <subfield code="a">&#xE1E;&#xE34;&#xE21;&#xE1E;&#xE4C;&#xE04;&#xE23;&#xE31;&#xE49;&#xE07;&#xE17;&#xE35;&#xE48; 4.</subfield>
  </datafield>
  <datafield tag="260" ind1=" " ind2=" ">
    <subfield code="a">&#xE01;&#xE23;&#xE38;&#xE07;&#xE40;&#xE17;&#xE1E;&#xE2F; : </subfield>
    <subfield code="b">&#xE01;&#xE23;&#xE30;&#xE17;&#xE23;&#xE27;&#xE07;&#xE27;&#xE31;&#xE12;&#xE19;&#xE18;&#xE23;&#xE23;&#xE21;, </subfield>
    <subfield code="c">2550.</subfield>
  </datafield>
  <datafield tag="300" ind1=" " ind2=" ">
    <subfield code="a">290 &#xE2B;&#xE19;&#xE49;&#xE32; :</subfield>
    <subfield code="b">&#xE20;&#xE32;&#xE1E;&#xE1B;&#xE23;&#xE30;&#xE01;&#xE2D;&#xE1A; ;</subfield>
    <subfield code="c">26 &#xE0B;&#xE21;.</subfield>
  </datafield>
  <datafield tag="600" ind1="0" ind2="0">
    <subfield code="a">&#xE2D;&#xE32;&#xE19;&#xE31;&#xE19;&#xE17;&#xE21;&#xE2B;&#xE34;&#xE14;&#xE25;, </subfield>
    <subfield code="c">&#xE1E;&#xE23;&#xE30;&#xE1A;&#xE32;&#xE17;&#xE2A;&#xE21;&#xE40;&#xE14;&#xE47;&#xE08;&#xE1E;&#xE23;&#xE30;&#xE40;&#xE08;&#xE49;&#xE32;&#xE2D;&#xE22;&#xE39;&#xE48;&#xE2B;&#xE31;&#xE27;, </subfield>
    <subfield code="d">2468-2489</subfield>
    <subfield code="9">3348</subfield>
  </datafield>
  <datafield tag="600" ind1="0" ind2="4">
    <subfield code="a">&#xE20;&#xE39;&#xE21;&#xE34;&#xE1E;&#xE25;&#xE2D;&#xE14;&#xE38;&#xE25;&#xE22;&#xE40;&#xE14;&#xE0A;,</subfield>
    <subfield code="c">&#xE1E;&#xE23;&#xE30;&#xE1A;&#xE32;&#xE17;&#xE2A;&#xE21;&#xE40;&#xE14;&#xE47;&#xE08;&#xE1E;&#xE23;&#xE30;&#xE40;&#xE08;&#xE49;&#xE32;&#xE2D;&#xE22;&#xE39;&#xE48;&#xE2B;&#xE31;&#xE27;, </subfield>
    <subfield code="d">2470-</subfield>
    <subfield code="9">6254</subfield>
  </datafield>
  <datafield tag="850" ind1=" " ind2=" ">
    <subfield code="a">NALT</subfield>
  </datafield>
  <datafield tag="942" ind1=" " ind2=" ">
    <subfield code="c">GB</subfield>
    <subfield code="2">lcc</subfield>
  </datafield>
  <datafield tag="998" ind1=" " ind2=" ">
    <subfield code="b">phon</subfield>
    <subfield code="c">phon</subfield>
    <subfield code="j">8</subfield>
    <subfield code="k"> &#xE19;&#xE32;&#xE22;&#xE1A;&#xE31;&#xE13;&#xE11;&#xE34;&#xE15;  &#xE2D;&#xE38;&#xE17;&#xE32;&#xE27;&#xE07;&#xE04;&#xE4C;</subfield>
  </datafield>
  <datafield tag="999" ind1=" " ind2=" ">
    <subfield code="c">53054</subfield>
    <subfield code="d">53054</subfield>
  </datafield>
  <datafield tag="952" ind1=" " ind2=" ">
    <subfield code="0">0</subfield>
    <subfield code="1">0</subfield>
    <subfield code="2">lcc</subfield>
    <subfield code="4">0</subfield>
    <subfield code="7">0</subfield>
    <subfield code="8">CGBL</subfield>
    <subfield code="a">NALT</subfield>
    <subfield code="b">NALT</subfield>
    <subfield code="d">2021-07-01</subfield>
    <subfield code="e">&#xE1A;&#xE23;&#xE34;&#xE08;&#xE32;&#xE04;</subfield>
    <subfield code="l">1</subfield>
    <subfield code="m">1</subfield>
    <subfield code="o">DS 570.3 &#xE01;411&#xE08; 2550</subfield>
    <subfield code="p">3961169265</subfield>
    <subfield code="r">2025-02-10 00:00:00</subfield>
    <subfield code="s">2025-01-31</subfield>
    <subfield code="w">2017-06-09</subfield>
    <subfield code="y">GB</subfield>
  </datafield>
</record>
